Największe Państwo na każdym kontynencie - Statystyki

Ogólne statystyki
  • Ten quiz został rozwiązany 63 razy
  • Średni wynik to 6 z 6
Statystyki odpowiedzi
Kontynent Państwo % Poprawnych
Europa Rosja
100%
Azja Chiny
98%
Oceania Australia
96%
Ameryka Południowa Brazylia
96%
Ameryka Północna Kanada
96%
Afryka Algieria
82%
Nie znaleziono quizów pasujących do podanych kryteriów
Rozkład punktacji
Procent ludzi z każdym wynikiem
Percentyl według liczby udzielonych odpowiedzi
Twoja historia wyników
Nie rozwiązałeś tego quizu